| 000 | 01100nam a2200265 a 4500 | ||
|---|---|---|---|
| 003 | BLK | ||
| 005 | 20250505131231.0 | ||
| 008 | 181110b bu ||||| |||| 00| 0 bu d | ||
| 020 | _a9786190213604 | ||
| 040 | _aBLK | ||
| 041 |
_aBUL _cBUL |
||
| 080 |
_aХоландска (нидерландска, фламандска) литература _b821.112.5 _z821.112.5-312.6 |
||
| 100 |
_9491632 _aЕйкхаут, Ане |
||
| 139 |
_aейк _bЕ 39 |
||
| 245 |
_aМери : раждането на Франкенщайн _cАне Ейкхаут ; прев. от нидерл. Мария Енчева |
||
| 260 |
_9209486 _aСофия _bКолибри _c2023 |
||
| 300 |
_a342 с. _c20 см |
||
| 380 | _aX | ||
| 500 | _aОриг. загл.: Mary / Anne Eekhout Биогр. данни за авт. отбелязани на гърба на кор. | ||
| 700 |
_91104 _aЕнчева, Мария Генчева _eпрев. от нидерл. |
||
| 852 |
_aЦб 322272 _bЦб |
||
| 942 |
_cKNG _n0 _05 |
||
| 944 |
_cНора Радева _k30534 _lРадостина Карадакова |
||
| 999 |
_c505966 _d505966 |
||
| 999 | _d505966 | ||